[Event "Varde Weekend Grp1"]
[Site "Varde"]
[Date "2019.05.12"]
[Round "5"]
[White "Christensen, Allan Toftegaard"]
[Black "Agger, Lars Breinholt"]
[Result "0-1"]
[WhiteElo "1819"]
[BlackElo "1829"]
[PlyCount "30"]
[EventDate "2019.05.10"]
[EventType "tourn"]
[EventRounds "5"]
[EventCountry "DEN"]
[SourceTitle "EXT 2023"]
[Source "ChessBase"]
[SourceDate "2022.10.05"]
[SourceVersion "1"]
[SourceVersionDate "2022.10.05"]
[SourceQuality "1"]

1. d4 Nf6 2. Bf4 g6 3. Nf3 Bg7 4. e3 0-0 5. Nc3 d5 6. h4 c5 7. Ng5 Nc6 8. h5 cxd4 9. exd4 Re8 10. hxg6 hxg6 11. Be5 Nxe5 12. dxe5 Ne4 13. Ncxe4 dxe4 14. Bc4 e6 15. c3 Qxg5 0-1

[Event "DEN-ch Kort2 B"]
[Site "Skorping"]
[Date "2017.04.15"]
[Round "5"]
[White "Gade, Jens"]
[Black "Christensen, Allan Toftegaard"]
[Result "1/2-1/2"]
[WhiteElo "1511"]
[BlackElo "1786"]
[PlyCount "55"]
[EventDate "2017.04.13"]
[EventType "swiss"]
[EventRounds "5"]
[EventCountry "DEN"]
[SourceTitle "EXT 2023"]
[Source "ChessBase"]
[SourceDate "2022.10.05"]
[SourceVersion "1"]
[SourceVersionDate "2022.10.05"]
[SourceQuality "1"]

1. f4 b6 2. Nf3 Bb7 3. e3 e6 4. Be2 Nf6 5. b3 Nc6 6. Bb2 d5 7. 0-0 Bc5 8. d4 Bd6 9. c4 Ne7 10. h3 Nf5 11. Qd3 Ng3 12. Rc1 dxc4 13. bxc4 Be4 14. Qd2 Nxe2+ 15. Qxe2 c5 16. Nc3 Bxf3 17. Qxf3 cxd4 18. exd4 0-0 19. Nb5 Be7 20. Rd1 a6 21. Na3 Qc7 22. Rac1 Rad8 23. Nb1 Bd6 24. g3 Rd7 25. Ba3 Bxa3 26. Nxa3 Rfd8 27. Qe3 Qb7 28. Kf2 1/2-1/2

[Event "Taastrup Quick Weekend-C 14th"]
[Site "Taastrup"]
[Date "2011.10.01"]
[Round "3"]
[White "Christensen, Allan Toftegaard"]
[Black "Seirup, Simon"]
[Result "1/2-1/2"]
[WhiteElo "1692"]
[BlackElo "1693"]
[PlyCount "117"]
[EventDate "2011.09.30"]
[EventType "tourn"]
[EventRounds "5"]
[EventCountry "DEN"]
[SourceTitle "EXT 2023"]
[Source "ChessBase"]
[SourceDate "2022.10.05"]
[SourceVersion "1"]
[SourceVersionDate "2022.10.05"]
[SourceQuality "1"]

1. d4 d5 2. c4 c6 3. e3 Nf6 4. Nc3 e6 5. Nf3 Nbd7 6. Be2 Be7 7. 0-0 0-0 8. b3 Re8 9. Qc2 Nf8 10. Bb2 Qc7 11. Ne5 dxc4 12. bxc4 c5 13. Nb5 Qb8 14. dxc5 Bxc5 15. Nd3 N6d7 16. Nxc5 Nxc5 17. Qc3 e5 18. Ba3 Nfd7 19. Rad1 a6 20. Nd6 Re6 21. Bxc5 Nxc5 22. Nxc8 Qxc8 23. Bg4 Ne4 24. Bxe6 Nxc3 25. Bxc8 Nxd1 26. Bxb7 Rd8 27. Bxa6 Nc3 28. c5 Rd7 29. c6 Rc7 30. Bb7 Kf8 31. Ra1 Nd5 32. Rd1 Nb4 33. a4 Nxc6 34. Bxc6 Rxc6 35. a5 Ke7 36. Ra1 Ra6 37. f4 Kd6 38. f5 f6 39. Kf2 Kc5 40. Rc1+ Kd6 41. Rd1+ Kc6 42. Rc1+ Kd6 43. Ra1 Kc5 44. Kf3 Kb5 45. Ke4 Rxa5 46. Rxa5+ Kxa5 47. Kd5 Kb4 48. g4 Kc3 49. h4 Kd3 50. e4 h6 51. g5 hxg5 52. hxg5 Ke3 53. gxf6 gxf6 54. Ke6 Kxe4 55. Kxf6 Kd4 56. Kg7 e4 57. f6 e3 58. f7 e2 59. f8Q 1/2-1/2

[Event "Taastrup Quick Weekend 13th B2"]
[Site "Taastrup"]
[Date "2011.04.02"]
[Round "3"]
[White "Ambirk, Jan Robert"]
[Black "Christensen, Allan Toftegaard"]
[Result "0-1"]
[WhiteElo "1701"]
[BlackElo "1632"]
[PlyCount "76"]
[EventDate "2011.04.01"]
[EventType "tourn"]
[EventRounds "5"]
[EventCountry "DEN"]
[SourceTitle "EXT 2023"]
[Source "ChessBase"]
[SourceDate "2022.10.05"]
[SourceVersion "1"]
[SourceVersionDate "2022.10.05"]
[SourceQuality "1"]

1. e4 b6 2. d4 Bb7 3. Bd3 e6 4. Nf3 c5 5. 0-0 cxd4 6. Nxd4 Bc5 7. Nf3 Nc6 8. Re1 Qc7 9. Nc3 Nf6 10. Bg5 Ng4 11. Bh4 Bd6 12. Nb5 Bxh2+ 13. Kh1 Qb8 14. Ng5 Bg1 15. Bg3 Nxf2+ 16. Kxg1 Qxg3 17. Qh5 g6 18. Qh6 Ng4 19. Qh3 Qf4 20. Nxf7 Qf2+ 21. Kh1 Qxe1+ 22. Rxe1 Nf2+ 23. Kh2 Nxh3 24. Nxh8 Ke7 25. Nxg6+ hxg6 26. gxh3 Ne5 27. Re3 a6 28. Nc3 Rf8 29. Kg3 b5 30. Be2 g5 31. Nd1 Rf4 32. Nf2 Kd6 33. Bd3 Kc5 34. Bf1 Kd4 35. Rb3 Bxe4 36. Ra3 Bb7 37. c3+ Kc5 38. Bg2 d5 0-1